Famous Fictional Brothers Quiz Stats

 Plays Quiz Updated Nov 20, 2015

Score 0/20 Timer 07:00
4 Plays Today
% Correct
The Blues Brothers
92.8%
Thor
91.9%
Game of Thrones
90.2%
Everybody Loves Raymond
88.1%
Sherlock
83.5%
Twins
82.8%
The Godfather: Part II
79.5%
Frasier
79%
Step Brothers
79%
Monk
75.4%
% Correct
What's Eating Gilbert Grape
69.3%
Harry Potter and the Half-Blood Prince
66.9%
Prison Break
65.3%
The Goonies
57.2%
Fred Claus
51.4%
Dexter
50.5%
Supernatural
49%
From Dusk Till Dawn
40.7%
Warrior
18.2%
Once Upon a Time
18.1%

You're not logged in!

Compare scores with friends on all Sporcle quizzes.
Join for Free
OR
Log In

You Might Also Like...

Show Comments

Extras

Top Quizzes Today


Score Distribution

Your Account Isn't Verified!

In order to create a playlist on Sporcle, you need to verify the email address you used during registration. Go to your Sporcle Settings to finish the process.

Report this User

Report this user for behavior that violates our Community Guidelines.

Details: